Normal view MARC view

Entry Personal Name

Number of records used in: 2

001 - CONTROL NUMBER

  • control field: 48000

003 - CONTROL NUMBER IDENTIFIER

  • control field: dpl

005 - DATE AND TIME OF LATEST TRANSACTION

  • control field: 20120526124800.0

008 - FIXED-LENGTH DATA ELEMENTS

  • fixed length control field: 120526|||a|||||| | ||| d

040 ## - CATALOGING SOURCE

  • Original cataloging agency: dpl
  • Transcribing agency: dpl

100 ## - HEADING--PERSONAL NAME

  • Personal name: सिन्हा, एच.पी.

670 ## - SOURCE DATA FOUND

  • Source citation: Work cat.: (dpl): सिन्हा, एच.पी., विद्युत एवं इलेक्ट्रॉनिकी/

670 ## - SOURCE DATA FOUND

  • Source citation: Work cat.: (dpl): सिन्हा, एच.पी., विद्युत एवं इलेक्ट्रॉनिकी/

© Delhi Public Library
Hit Counter
free hit counter